000 00417nam a2200181Ia 4500
001 23484
005 20260414150940.0
008 260414t2017||||xx |||||||||||||| ||spa||
041 _aESP
082 _a650.1
_bO666
100 _aOppenheimer, Andrés
_eAUT
245 0 _a¡Crear o morir!
_b
260 _c2017
300 _a473 páginas :
_c19 cm.
650 _aFIP
654 _aCHU
942 _cLIB
_dJUS
_fJUS
_2ddc
_n
999 _c23484
_d23484